000 01000cab a22002295a 4500
001 L140965
008 071023e20071020xxkado f s 000 0 eng d
035 _a(Sirsi) u140965
041 0 _aeng
100 1 _aCavanagh, Elaine
245 0 0 _aFocus
_bM25 North East
260 _c2007
490 _aEstates Gazette
_v(0742) 20 October 2007, 161-175(8)
520 _aReports on progress with Basildon's town centre regeneration, including the announcement of four developer candidates, and summarises other retail developments. Considers the area's stagnating office market and presents office statistics for the major towns. Looks at the area's industrial market, and suggests the shed market is being boosted by the 2012 Olympics and Thames Gateway regeneration plans.
590 _aKA
650 2 4 _aOLYMPIC GAMES 2012
651 4 _aSouth East (England)
690 _aPROPERTY-COMMERCIAL PROPERTY-COMMERCIAL PROPERTY MARKET
700 1 _aTaylor, Andrew
700 1 _aJack, Simon
942 _n0
999 _c79398
_d79398